MARC

LEADER 00000nam0a2200000 4500
001 33524
005 20231030214653.0
035 |a (RuTPU)RU\TPU\book\33871 
035 |a BOOK00000522 
090 |a 33524 
100 |a 20011210d1976 m y0rusy50 ca 
101 0 |a rus 
102 |a RU 
105 |a y j 000zy 
200 1 |a Автоматическое управление вентильными электроприводами  |e Конспект лекций  |f В. А. Борисов 
210 |a Иваново  |c Изд-во Ивановского ГУ  |d 1976 
215 |a 102 с. 
610 1 |a автоматизированный электропривод 
610 1 |a электроприводы вентильные 
610 1 |a автоматизированное управление 
610 1 |a лекции 
675 |a 62-83-52(075.8)  |v 3 
700 1 |a Борисов  |b В. А.  |g Всеволод Александрович 
801 0 |a RU  |b 63413507  |c 20011210  |g PSBO 
801 2 |a RU  |b 63413507  |c 20170323  |g PSBO 
900 |a Элементы автоматизированного электропривода 
942 |c BK